Межфазный перенос в пузырьковом потоке в трубе малого диаметра; Атомная техника за рубежом; № 6

Detalles Bibliográficos
Parent link:Атомная техника за рубежом: научно-технический журнал/ Росатом; Государственная корпорация по атомной энергии; Ядерное общество России (ЯОР).— , 1957-.— 0320-9326
№ 6.— 2002.— С. 18-20
Autor principal: Хибики Т.
Otros Autores: Такамаза Т., Исии М.
Lenguaje:ruso
Publicado: 2002
Colección:Переводы
Materias:
Formato: MixedMaterials Capítulo de libro
KOHA link:https://koha.lib.tpu.ru/cgi-bin/koha/opac-detail.pl?biblionumber=382931

MARC

LEADER 00000naa2a2200000 4500
001 382931
005 20231101063039.0
035 |a (RuTPU)RU\TPU\prd\7705 
090 |a 382931 
100 |a 20021023a2002 k y0rusy50 ca 
101 0 |a rus 
102 |a RU 
200 1 |a Межфазный перенос в пузырьковом потоке в трубе малого диаметра  |f Т. Хибики, Т. Такамаза, М. Исии 
225 1 |a Переводы 
320 |a Библиогр.: 3 назв. 
461 1 |0 (RuTPU)RU\TPU\prd\1300  |x 0320-9326  |t Атомная техника за рубежом  |o научно-технический журнал  |f Росатом; Государственная корпорация по атомной энергии; Ядерное общество России (ЯОР)  |d 1957- 
463 1 |0 (RuTPU)RU\TPU\prd\6066  |t № 6  |v С. 18-20  |d 2002 
610 1 |a межфазный перенос 
610 1 |a модель двух жидкостей 
610 1 |a подсос в спутном следе 
610 1 |a газо-жидкостный пузырьковый поток 
610 1 |a многофазный поток 
610 1 |a поток газа 
610 1 |a поток жидкости 
610 1 |a поток в трубе 
675 |a 621.039.53  |v 3 
700 1 |a Хибики  |b Т. 
701 1 |a Такамаза  |b Т. 
701 1 |a Исии  |b М. 
801 1 |a RU  |b 63413507  |c 20021023  |g PSBO 
801 2 |a RU  |b 63413507  |c 20120419  |g RCR 
942 |c BK